Introductory Calculus / (Record no. 180362)
[ view plain ]
| 000 -LEADER | |
|---|---|
| fixed length control field | 00763 a2200205 4500 |
| 003 - CONTROL NUMBER IDENTIFIER | |
| control field | NUST |
| 005 - DATE AND TIME OF LATEST TRANSACTION | |
| control field | 20221118131151.0 |
| 010 ## - LIBRARY OF CONGRESS CONTROL NUMBER | |
| LC control number | 7297472 |
| 020 ## - INTERNATIONAL STANDARD BOOK NUMBER | |
| International Standard Book Number | 0030778409 |
| 040 ## - CATALOGING SOURCE | |
| Transcribing agency | Nust |
| 082 ## - DEWEY DECIMAL CLASSIFICATION NUMBER | |
| Classification number | 515,HOR |
| 100 ## - MAIN ENTRY--PERSONAL NAME | |
| Personal name | Donald R.Horner |
| 9 (RLIN) | 103070 |
| 245 ## - TITLE STATEMENT | |
| Title | Introductory Calculus / |
| Statement of responsibility, etc. | Donald R. Horner |
| 260 ## - PUBLICATION, DISTRIBUTION, ETC. | |
| Place of publication, distribution, etc. | New York |
| Name of publisher, distributor, etc. | Holt, Rinehart and Winston |
| Date of publication, distribution, etc. | 1972 |
| 300 ## - PHYSICAL DESCRIPTION | |
| Extent | 482 p.: |
| 505 ## - FORMATTED CONTENTS NOTE | |
| Formatted contents note | Prefatory Material (Page-1), Why Calculus (Page-22), Behavior Patterns for the Concepts (Page-86), Techniques of Differentiation (Page-158), Techniques of Integration (Page-210), A Review of Concepts (Page-266), Sequences and Series (Page-323), Extensions (Page-400). |
| 600 ## - SUBJECT ADDED ENTRY--PERSONAL NAME | |
| Personal name | Donald R. Horner |
| 9 (RLIN) | 103071 |
| 650 ## - SUBJECT ADDED ENTRY--TOPICAL TERM | |
| Topical term or geographic name entry element | Calculus |
| 942 ## - ADDED ENTRY ELEMENTS (KOHA) | |
| Source of classification or shelving scheme | |
| Koha item type | Book |
| Call number prefix | 515,HOR |
| Withdrawn status | Lost status | Source of classification or shelving scheme | Damaged status | Not for loan | Permanent Location | Current Location | Shelving location | Date acquired | Full call number | Barcode | Date last seen | Price effective from | Koha item type | Public note |
|---|---|---|---|---|---|---|---|---|---|---|---|---|---|---|
| Military College of Signals (MCS) | Military College of Signals (MCS) | General Stacks | 12/12/2016 | 515,HOR | MCS7274 | 12/08/2016 | 12/12/2016 | Book | Almirah No.13, Shelf No.1 | |||||
| Military College of Signals (MCS) | Military College of Signals (MCS) | General Stacks | 12/12/2016 | 515,HOR | MCS7489 | 12/08/2016 | 12/12/2016 | Book | Almirah No.82, Shelf No.3 |
